000 00489cam a2200205ua 4500
001 8313
008 150128n ii |||gr||||Z||||||asm
020 _a8173393974
040 _cMAIN
041 _aasm
082 _a370.15
100 _aGogoi, Mamoni Baruah,
_eAuthor.
245 1 2 _aSiksha manobigyan
_cby Mamoni Gogoi Baruah
250 _aNew.
260 _aDibrugarh:
_bBanalata,
_c2011.
300 _a148p.
653 _aEducation
653 _aEducational psychology
942 _cBK
999 _c7425
_d7425